| 000 | 00573nam a22002177a 4500 | ||
|---|---|---|---|
| 005 | 20201009153755.0 | ||
| 008 | 201009b ||||| |||| 00| 0 eng d | ||
| 020 | _a9788194242812 | ||
| 040 | _cCLNC | ||
| 041 | _dasm | ||
| 082 |
_a330.015195 _bSAI |
||
| 100 |
_aSaikia, Debajit _eauthor |
||
| 245 |
_aArthabigyanat ganitik paddhati-1/ _cby Debajit Saikia |
||
| 250 | _a2nd ed. | ||
| 260 |
_aJorhat: _bUnika prakashan, _c2019 |
||
| 300 | _a322p. | ||
| 650 | _aEconomics | ||
| 650 | _aMathematical methods for economics | ||
| 650 | _aEconometrics | ||
| 942 |
_2ddc _cBK |
||
| 999 |
_c11060 _d11060 |
||